Crecimiento con oferta limitada de divisas (Registro nro. 24829)

Detalles MARC
000 -LEADER
fixed length control field 00325 a2200109 4500
001 - CONTROL NUMBER
control field ART_10986
005 - DATE AND TIME OF LATEST TRANSACTION
control field 20260410161849.0
008 - FIXED-LENGTH DATA ELEMENTS--GENERAL INFORMATION
fixed length control field 260409a
100 1# - MAIN ENTRY--PERSONAL NAME
Personal name Bacha, Edmar L.
245 10 - TITLE STATEMENT
Title Crecimiento con oferta limitada de divisas
773 0# - HOST ITEM ENTRY
Title Económica
Related parts - Año XXIX, Nº 2/3 (may./dic. 1983)
Record control number REV7541

No hay ítems disponibles.